| 000 | 00509nam a2200109Ia 4500 | ||
|---|---|---|---|
| 008 | 160909s9999 xx 000 0 und d | ||
| 100 | _aGolden, Thomas P. | ||
| 245 | 4 | _aThe Influence of Macro- and Meso-Structuring Mechanisms on Micro-Institutional Actions to Reproduce or Transform Labor Force Participation Approaches of Community Rehabilitation Programs | |
| 260 |
_bThe George Washington University. _c2016 |
||
| 650 | _aENTREPRENEURSHIP | ||
| 856 | _uhttp://pqdtopen.proquest.com/doc/1776620983.html?FMT=ABS | ||
| 999 |
_c304479 _d304479 |
||